000 00824nam a2200217 4500
999 _c14333
_d14333
008 190912b ||||| |||| 00| 0 eng d
020 _a978-621-406-167-9
082 _22018
_aDFil 338.4791
_bM325
100 _aMaranan, Jovid Maricar D.
_939534
245 _aRisk management for tourism and hospitality management/
_cJovid Maricar D. Maranan, Mario H. Maranan, Cristina O. Nazareno-Caluza.
260 _aIntramuros, Manila:
_bMindshapers Co., Inc.,
_c2018.
300 _aviii, 148 pages:
_billustrations;
_c25 cm
500 _aIncludes references
650 _aTourism
_vManagement
_939535
650 _aHospitality
_vManagement
_939536
650 _aTourism
_vRisk management
_939537
700 _aMaranan, Mario H.
_939538
700 _aNazareno-Caluza, Cristina O.
_939539
365 _b665.00
_cPhp
942 _2ddc
_cDFIL